Partidos políticos: un ejercicio de clasificación teórica /
El artículo analiza la literatura internacional sobre partidos políticos (definición, crisis, poscrisis). El producto es un ensayo de clasificación teórica útil para estudiantes y especialistas.
Guardado en:
| Autor principal: | |
|---|---|
| Formato: | Texto |
| Materias: | |
| Etiquetas: |
Agregar Etiqueta
Sin Etiquetas, Sea el primero en etiquetar este registro!
|
MARC
| LEADER | 00000 a a2200000 04500 | ||
|---|---|---|---|
| 001 | 41006 | ||
| 003 | |||
| 040 | |||
| 100 | |a Martínez López, Víctor Hugo | ||
| 245 | |a Partidos políticos: |b un ejercicio de clasificación teórica / |c Victor Hugo Martínez López | ||
| 520 | |a El artículo analiza la literatura internacional sobre partidos políticos (definición, crisis, poscrisis). El producto es un ensayo de clasificación teórica útil para estudiantes y especialistas. | ||
| 650 | |a PARTIDOS POLITICOS | ||
| 650 | |a TEORIA POLITICA | ||
| 650 | |a OSTROGORSKI | ||
| 773 | |g volumen17, número33 (enero.junio , 2009)39-63 | ||
| 999 | |c 39696 |d 39696 | ||
